000 01251nam a2200313 a 4500
001 ebr10442239
003 CaPaEBR
006 m u
007 cr cn|||||||||
008 110222t20112010enka s 001 0 eng d
020 _z9781849510349
020 _z9781849510356 (e-book)
040 _aCaPaEBR
_cCaPaEBR
035 _a(OCoLC)708564468
050 1 4 _aTK5105.8885.D54
_bH39 2011eb
100 1 _aHayward, Jonathan.
245 1 0 _aDjango JavaScript integration
_h[electronic resource] :
_bAJAX and JQuery /
_cJonathan Hayward.
260 _aBirmingham, U.K. :
_bPackt Open Source,
_c2011, c2010.
300 _avi, 304 p. :
_bill. (chiefly col.)
500 _aIncludes index.
533 _aElectronic reproduction.
_bPalo Alto, Calif. :
_cebrary,
_d2011.
_nAvailable via World Wide Web.
_nAccess may be limited to ebrary affiliated libraries.
630 0 0 _aDjango (Electronic resource)
650 0 _aJavaScript (Computer program language)
650 0 _aAjax (Web site development technology)
650 0 _aWeb site development.
655 7 _aElectronic books.
_2local
710 2 _aebrary, Inc.
856 4 0 _uhttp://site.ebrary.com/lib/rucke/Doc?id=10442239
_zAn electronic book accessible through the World Wide Web; click to view
999 _c135563
_d135563